000 01012nam a2200265 i 4500
001 17420
003 ES-MaACL
005 20250806034249.0
007 t|
008 010302s1995 sp ||||1| spa d
020 _a84-259-0988-0
080 _a17:32
100 0 _aFederico
_bII
_cRey de Prusia.
_949068
245 1 0 _aAntimaquiavelo o Refutación del Príncipe de Maquiavelo
_b: (editado en 1740 por Voltaire) /
_cFederico II de Prusia ; estudio introductorio, versión castellana y notas de Roberto R. Aramayo.
260 _aMadrid :
_bCentro de Estudios Constitucionales,
_c1995.
300 _aLVIII, 205 p. ;
_c21 cm.
490 1 _aClásicos políticos
600 1 4 _aMachiavelli, Niccolò,
_d1469-1527
_975181
650 7 _aÉtica política
_2embne
_9136540
700 1 _aRodríguez Aramayo, Roberto.
_998340
710 2 _aCentro de Estudios Constitucionales (España)
_92618
830 0 _aClásicos políticos
_9180270
852 _aES-MaACL
_jL-24397
_bR.129496
999 _c17420
_d17420